Loreto College Library, Kolkata
WEBOPAC (ONLINE PUBLIC ACCESS CATALOGUE)

Rammohan (Record no. 43139)

MARC details
000 -LEADER
fixed length control field 00558nam a22002177a 4500
005 - DATE AND TIME OF LATEST TRANSACTION
control field 20230316140150.0
008 - FIXED-LENGTH DATA ELEMENTS--GENERAL INFORMATION
fixed length control field 230215b |||||||| |||| 00| 0 eng d
020 ## - ISBN | অাই এস বি এন
PRICE Rs.80.00
040 ## - CATALOGING SOURCE
Original cataloging agency Loreto College
041 ## - LANGUAGE CODE
Language code Bengali
082 ## - DDC | ডিউই
Classification number | বর্গসংখ্যা 891.44B
Book Number | গ্রন্থাঙ্ক RAY-GAN
110 ## - AIN ENTRY--CORPORATE NAME | মুখ্য সংলেখ - সংস্থানাম
Corporate name | সংস্থা নাম Gangopadhyay, Narayan
245 ## - TITLE STATEMENT | অাখ্যা বিবরণী
Title | অাখ্যা Rammohan
Statement of responsibility | লেখকের দায়িত্বের বিবরণ Narayan Gangopadhyay
250 ## - EDITION STATEMENT | সংস্করণ ক্ষেত্র
Edition statement | সংস্করণ 6th
260 ## - IMPRINT | প্রকাশনা ক্ষেত্র
Place of publication | প্রকাশ স্থান Kolkata
Name of publisher | প্রকাশকের নাম Papyrus
Date of publication | প্রকাশ কাল 2016
300 ## - PHYSICAL DESCRIPTION |
Page / Vol. No | পৃষ্ঠা / খন্ড সংখ্যা 55p
600 ## - SUBJECT ADDED ENTRY--PERSONAL NAME | বিষয় শিরোনাম - ব্যাক্তিনাম
Personal name | ব্যাক্তিনাম Roy,Rammohan (22 May 1772 - 27 September 1833)
650 ## - SUBJECT ADDED ENTRY--TOPICAL TERM | বিষয় শিরোনাম - মূল বিষয়
Topical term | মূল বিষয় Roy,Rammohan-Biography
850 ## - HOLDING INSTITUTION
Holding institution LCLIB
942 ## - ADDED ENTRY ELEMENTS (KOHA)
Koha item type Books
Holdings
Withdrawn status Lost status Source of classification Damaged status Not for loan Home library Current library Date acquired Price Total Checkouts Full call number Accession No. Date last seen Price effective from Koha item type Coded location qualifier
    Dewey Decimal Classification     Loreto College Loreto College 15/02/2023 80.00   891.44B RAY-GAN 54194 47242 15/02/2023 15/02/2023 Books